000 00688nam a2200121Ia 4500
008 220620s9999||||xx |||||||||||||| ||und||
245 0 _aTaxation and the Financial Crisis
546 _aEnglish[eng]
650 _adebt financing||tax policy||financial sector||financial crisis||taxation||Financial institution||Financial services||Tax
700 _aAlworth, Julian S.||Arachi, Giampaolo
856 _uhttps://library.oapen.org/bitstream/20.500.12657/33861/1/453472.pdf||https://library.oapen.org/bitstream/20.500.12657/33861/1/453472.pdf||https://library.oapen.org/bitstream/20.500.12657/33861/1/453472.pdf||https://library.oapen.org/bitstream/20.500.12657/33861/1/453472.pdf
942 _cEB
999 _c28612
_d28612